Rudolf otto and hinduism / (Record no. 132073)

MARC details
000 -LEADER
fixed length control field 00665nam a22002297a 4500
005 - DATE AND TIME OF LATEST TRANSACTION
control field 20170124110147.0
010 ## - LIBRARY OF CONGRESS CONTROL NUMBER
LC control number 548406
020 ## - INTERNATIONAL STANDARD BOOK NUMBER
Terms of availability 15.00
035 ## - SYSTEM CONTROL NUMBER
System control number 548406
037 ## - SOURCE OF ACQUISITION
Source of stock number/acquisition Cen Lib/Ret
040 ## - CATALOGING SOURCE
Original cataloging agency DPL
Language of cataloging EN
082 ## - DEWEY DECIMAL CLASSIFICATION NUMBER
Classification number 181.41
Item number DUB
100 ## - MAIN ENTRY--PERSONAL NAME
Personal name Dubey, S.P.
9 (RLIN) 33631
245 ## - TITLE STATEMENT
Title Rudolf otto and hinduism /
Statement of responsibility, etc by S.P. Dubey
260 ## - PUBLICATION, DISTRIBUTION, ETC. (IMPRINT)
Place of publication, distribution, etc Varansi
Name of publisher, distributor, etc Bhartiya Vidya Prakashan
Date of publication, distribution, etc 1969
270 ## - ADDRESS
City Varansi
Address p. box. 108, kachaurigali
300 ## - PHYSICAL DESCRIPTION
Extent xii, 145p.
Dimensions 21cm(Hb)
500 ## - GENERAL NOTE
General note Includes bibliographical references and index
650 ## - SUBJECT ADDED ENTRY--TOPICAL TERM
Topical term or geographic name as entry element Philosophy
9 (RLIN) 33632
650 ## - SUBJECT ADDED ENTRY--TOPICAL TERM
Topical term or geographic name as entry element Hinduism
9 (RLIN) 33633
942 ## - ADDED ENTRY ELEMENTS (KOHA)
Source of classification or shelving scheme Dewey Decimal Classification
Koha item type English Books
Classification part 181.41
Call number suffix DUB
Holdings
Withdrawn status Lost status Damaged status Not for loan Home library Current library Date acquired Source of acquisition Cost, normal purchase price Total Checkouts Full call number Barcode Date last seen Copy number Cost, replacement price Price effective from Koha item type Public note
Written off       Central Library Central Library 16/07/2015 Cen Lib/Ret 0.00   181.41 DUB 548406 16/07/2015 1 15.00 16/07/2015 English Books W/d list no. 6803/4

© Delhi Public Library
Hit Counter
free hit counter